Normal view MARC view
  • Moreno-Crespo, Pilar

Entry Nombre Personal

Number of records used in: 1

001 - NUMERO DE CONTROL

  • campo de control: 48555

003 - IDENTIFICADOR DE NUMERO DE CONTROL

  • campo de control: UPN

005 - FECHA Y HORA DE LA ÜLTIMA TRANSACCIÓN

  • campo de control: 20230606130625.0

008 - DATOS DE LONGITUD FIJA

  • campo de control de longitud fija: 230324|| ac|||aabn | a|a d

024 ## - OTROS IDENTIFICADORES NORMALIZADOS

  • Fuente: orcid
  • Número normalizado o código: https://orcid.org/0000-0002-6226-0268

040 ## - FUENTE DE CATALOGACIÓN

  • Agencia original de catalogación: MX-MxUPN

100 1# - ENCABEZAMIENTO - NOMBRE PERSONAL

  • Nombre personal: Moreno-Crespo, Pilar

370 ## - LUGAR ASOCIADO

  • Place of birth: Sevilla, España

372 ## - CAMPO DE ACTIVIDAD

  • Field of activity: Filosofía y Ciencias de la Educación
  • Field of activity: Docencia e investigación

373 ## - GRUPO ASOCIADO

  • Associated group: Universidad de Sevilla

374 ## - OCUPACIÓN

  • Occupation: Docente e investigador universitario

400 1# - VEÁSE - NOMBRE DE PERSONA

  • Personal name: Moreno Crespo, Pilar A.

670 ## - FUENTE EN LA QUE SE LOCALIZARON DATOS

  • Cita de la fuente: En recurso en línea Aloma : revista de psicología, ciencies de l'educació i de l de l'esport Vol. 40, no. 1 (2022):
  • Información localizada: página 23 (Pilar Moreno-Crespo)
  • Uniform Resource Identifier: http://www.revistaaloma.net/index.php/aloma/article/view/585/200200330

902 ## - CATALOGADOR

  • Catalogador: RGJD/060623